বহুমুখি প্রতিভার ধারক মোহাম্মদ সা'দাত আলী ও তাঁর বর্ণাঢ্য কর্মজীবন / (Record no. 31769)

MARC details
000 -LEADER
fixed length control field 01061nam a22002177a 4500
003 - CONTROL NUMBER IDENTIFIER
control field BDDh-ASL
005 - DATE AND TIME OF LATEST TRANSACTION
control field 20231016062621.0
008 - FIXED-LENGTH DATA ELEMENTS--GENERAL INFORMATION
fixed length control field 211004s2022 b ||||| |||| 00| 0 b d
040 ## - CATALOGING SOURCE
Transcribing agency BDDh-ASL
041 ## - LANGUAGE CODE
Language code of text/sound track or separate title bengali
082 ## - DEWEY DECIMAL CLASSIFICATION NUMBER
Classification number 920.71
Item number AFB
100 1# - MAIN ENTRY--PERSONAL NAME
Personal name আফতাব, আমেনা
9 (RLIN) 7924
245 10 - TITLE STATEMENT
Title বহুমুখি প্রতিভার ধারক মোহাম্মদ সা'দাত আলী ও তাঁর বর্ণাঢ্য কর্মজীবন /
246 ## - VARYING FORM OF TITLE
Title proper/short title Bahumukhi Protibhar Dharak Mohammad Sadat Ali O Tar Bornaddo kormojibon.
260 ## - PUBLICATION, DISTRIBUTION, ETC.
Place of publication, distribution, etc. ঢাকা:
Name of publisher, distributor, etc. রূপ প্রকাশন,
Date of publication, distribution, etc. ২০২২।
300 ## - PHYSICAL DESCRIPTION
Extent ১৪৪ পৃষ্ঠা, :
Dimensions ২২ সে. মি.
504 ## - BIBLIOGRAPHY, ETC. NOTE
Bibliography, etc. note গ্রন্থপঞ্জি সংযুক্ত ।
600 10 - SUBJECT ADDED ENTRY--PERSONAL NAME
Personal name আলী, মোহাম্মদ সা'দাত
9 (RLIN) 598
650 #0 - SUBJECT ADDED ENTRY--TOPICAL TERM
Topical term or geographic name entry element biographical dictionary - চরিতাভিধান
General subdivision Jibani Granthamala (জীবনী গ্রন্থমালা)
9 (RLIN) 4665
942 ## - ADDED ENTRY ELEMENTS (KOHA)
Source of classification or shelving scheme Dewey Decimal Classification
Koha item type Books
Holdings
Withdrawn status Lost status Source of classification or shelving scheme Damaged status Not for loan Collection code Home library Current library Shelving location Date acquired Source of acquisition Total Checkouts Full call number Barcode Date last seen Copy number Price effective from Koha item type Public note
    Dewey Decimal Classification     Non-fiction Asiatic Society Library Asiatic Society Library General Stacks 04/06/2023 Complimentary   920.71 AFB 120507 04/06/2023 C-1 04/06/2023 Books Y-2022

Powered by Koha